[Event "Int. Stuttgarter Stadtmeisterschaft A"]
[Site "Ditzingen"]
[Date "2012.05.18"]
[Round "3.9"]
[White "Naumann, Axel"]
[Black "Latzke, Boris Alexander"]
[Result "0-1"]
[WhiteElo "2168"]
[BlackElo "2253"]
[PlyCount "136"]
[EventDate "2012.??.??"]
[WhiteTeam "Stuttgarter SF 1879"]
[BlackTeam "SK Bebenhausen 1992"]

1. e4 e5 2. Nf3 Nc6 3. Bb5 a6 4. Bxc6 dxc6 5. d3 f6 6. Be3 Bg4 7. Nbd2 Qd7 8.
h3 Be6 9. d4 exd4 10. Nxd4 Bf7 11. c3 Ne7 12. Qg4 O-O-O 13. Qxd7+ Rxd7 14. O-O
c5 15. N4b3 Nc6 16. Rad1 b6 17. Nc1 Bd6 18. Rde1 Re8 19. b3 a5 20. g4 c4 21.
Kg2 cxb3 22. Ncxb3 Ne5 23. f3 Nd3 24. Rd1 Nf4+ 25. Bxf4 Bxf4 26. Nb1 Red8 27.
Rxd7 Rxd7 28. Rf2 c5 29. Rb2 Rd1 30. N3d2 Kc7 31. h4 h5 32. gxh5 a4 33. Kf2 Rh1
34. Nf1 Rxh4 35. Na3 Kc6 36. Rc2 Rxh5 37. c4 Be6 38. Nb5 Rh8 39. Na7+ Kb7 40.
Nb5 g5 41. Kg2 Rh7 42. Ng3 Kc6 43. Nc3 Bxc4 44. Nxa4 Be6 45. Nc3 Be5 46. Nce2
Ra7 47. Nc1 Ra3 48. Nge2 b5 49. Kf2 b4 50. Rd2 Bc4 51. Rc2 Kb5 52. Rd2 Be6 53.
Kg2 c4 54. Nd4+ Bxd4 55. Rxd4 Kc5 56. Rd8 Rc3 57. Rd1 Rc2+ 58. Kg3 c3 59. e5
fxe5 60. Nd3+ Kc4 61. Nxe5+ Kb5 62. Rd8 Rd2 63. Rb8+ Kc5 64. Rb7 Bd5 65. Rb8 c2
66. Rc8+ Kd4 67. Nc6+ Bxc6 68. Rxc6 Kd3 0-1

[Event "Int. Stuttgarter Stadtmeisterschaft A"]
[Site "Ditzingen"]
[Date "2012.05.18"]
[Round "3.10"]
[White "Braun, Georg"]
[Black "Gheng, Josef"]
[Result "0-1"]
[WhiteElo "2187"]
[BlackElo "2334"]
[PlyCount "84"]
[EventDate "2012.??.??"]
[WhiteTeam "SK Bebenhausen 1992"]
[BlackTeam "SC Erdmannhausen"]

1. e4 e5 2. Nf3 Nc6 3. Bb5 a6 4. Ba4 Bc5 5. O-O b5 6. Bb3 d6 7. c3 Bg4 8. a4
Nf6 9. axb5 axb5 10. Rxa8 Qxa8 11. Re1 O-O 12. h3 Qa7 13. Qe2 Be6 14. Bxe6 fxe6
15. b4 Bb6 16. d3 Ne7 17. Ng5 h6 18. Nxe6 Re8 19. Na3 c6 20. Qa2 Kh7 21. Kh2
Ng6 22. f4 Qe7 23. f5 Ng4+ 24. Kh1 Qh4 25. fxg6+ Kh8 26. Re3 Nxe3 27. Qe2 Rxe6
28. Bxe3 Bxe3 29. Qxe3 Rxg6 30. Nc2 Qg3 31. Qe2 Rf6 32. Ne3 Rf2 33. Qe1 Qf4 34.
Kg1 Ra2 35. Nf5 Kh7 36. Ne3 Rb2 37. Nf5 g6 38. Ne3 h5 39. Nf1 Ra2 40. Ne3 Qf7
41. Qg3 Ra1+ 42. Kh2 Qf4 0-1

[Event "Int. Stuttgarter Stadtmeisterschaft A"]
[Site "Ditzingen"]
[Date "2012.05.18"]
[Round "3.11"]
[White "Brem, Stephan"]
[Black "Ackermann, Hans Werner"]
[Result "1/2-1/2"]
[WhiteElo "2115"]
[BlackElo "2290"]
[PlyCount "103"]
[EventDate "2012.??.??"]
[WhiteTeam "SU Ebersberg-Grafing"]
[BlackTeam "SC Hansa Dortmund e.V."]

1. f4 d5 2. Nf3 c5 3. e3 Nc6 4. Bb5 Nf6 5. O-O Qb6 6. a4 a6 7. Bxc6+ Qxc6 8. a5
h5 9. Ne5 Qc7 10. b3 Bf5 11. d3 Rd8 12. Qe1 Nd7 13. Bb2 Nxe5 14. Bxe5 Qc6 15.
Nd2 h4 16. e4 Bc8 17. f5 f6 18. Bf4 dxe4 19. dxe4 e5 20. Be3 Bd7 21. h3 Qc7 22.
Nc4 Bb5 23. Qe2 Be7 24. Qg4 Kf8 25. g3 hxg3 26. Rf3 Kg8 27. Rxg3 Bf8 28. Nb6
Bc6 29. Kf2 Qf7 30. Rag1 Rh7 31. Ke2 Qh5 32. Kf3 Qxg4+ 33. hxg4 Rh2 34. g5 Kf7
35. R1g2 Rxg2 36. Rxg2 fxg5 37. Nc4 Re8 38. Rxg5 Bb5 39. Nb2 Rd8 40. Rg6 Rd7
41. Re6 Be7 42. Nc4 Bxc4 43. bxc4 Bf6 44. Ke2 g6 45. Kf3 gxf5 46. exf5 Bd8 47.
Bxc5 Bxa5 48. Ke4 Bc3 49. Rh6 Kg7 50. Rg6+ Kf7 51. Rh6 Kg7 52. Rg6+ 1/2-1/2

[Event "Int. Stuttgarter Stadtmeisterschaft A"]
[Site "Ditzingen"]
[Date "2012.05.18"]
[Round "3.12"]
[White "Tsolakidis, Paschalis"]
[Black "Vaysberg, Alexander"]
[Result "1/2-1/2"]
[WhiteElo "2107"]
[BlackElo "2198"]
[PlyCount "85"]
[EventDate "2012.??.??"]
[WhiteTeam "DJK Stuttgart-Süd"]
[BlackTeam "SC Gross-Sachsenheim"]

1. d4 Nf6 2. Nf3 g6 3. Bg5 Ne4 4. Bf4 Bg7 5. Nbd2 Nxd2 6. Qxd2 d6 7. Bh6 O-O 8.
h4 f6 9. h5 g5 10. Bxg7 Kxg7 11. h6+ Kh8 12. e4 e5 13. dxe5 dxe5 14. Qxd8 Rxd8
15. Nd2 Be6 16. a3 Nc6 17. O-O-O Kg8 18. Bc4 Kf7 19. c3 Rd6 20. Bxe6+ Kxe6 21.
Nc4 Rxd1+ 22. Kxd1 Ne7 23. Ke2 Rd8 24. g3 Kf7 25. Ne3 Kg6 26. f4 exf4 27. gxf4
gxf4 28. Ng2 Kg5 29. Nh4 f5 30. Nf3+ Kf6 31. e5+ Kf7 32. Ng5+ Kg8 33. Ne6 Rd5
34. Nxf4 Rxe5+ 35. Kf3 Ng6 36. Nxg6 hxg6 37. h7+ Kh8 38. Kf4 Re7 39. Kg5 Rxh7
40. Rd1 Rg7 41. Kh6 f4 42. Rd8+ Rg8 43. Rd7 1/2-1/2

[Event "Int. Stuttgarter Stadtmeisterschaft A"]
[Site "Ditzingen"]
[Date "2012.05.18"]
[Round "3.13"]
[White "Reck, Moritz"]
[Black "Bluma, Marcel"]
[Result "0-1"]
[WhiteElo "2169"]
[BlackElo "2085"]
[PlyCount "92"]
[EventDate "2012.??.??"]
[WhiteTeam "SK Bebenhausen 1992"]
[BlackTeam "SC Ingersheim e.V."]

1. d4 d5 2. c4 e6 3. Nc3 Nf6 4. Bg5 Be7 5. Nf3 Ne4 6. Bxe7 Qxe7 7. cxd5 Nxc3 8.
bxc3 exd5 9. Qb3 c6 10. e3 Bf5 11. c4 O-O $2 12. cxd5 cxd5 13. Bd3 Bxd3 14.
Qxd3 Nc6 15. O-O $2 Rfd8 16. Rfc1 Rd6 17. Qa3 Re8 18. Rab1 b6 19. Rc3 h5 20.
Rbc1 Qd7 21. R1c2 Rg6 22. Qa4 Qg4 23. Ne1 Qd1 24. Kf1 Ree6 25. h3 Kh7 26. Rd3
Qa1 27. Qa3 Qb1 28. Rb2 Qc1 29. Rc2 Qb1 30. Rb2 Qc1 31. Rc3 Qd1 32. Rd3 Qc1 33.
Rc3 Qd1 34. Rcc2 Rxg2 35. Kxg2 Qxe1 36. Qd3+ Kh6 37. f4 Nb4 38. Rxb4 Qxb4 39.
Qf5 Rg6+ 40. Kf2 Qb1 41. h4 f6 42. Kf3 b5 43. Kf2 a5 44. Qc8 Qg1+ 45. Ke2 Rg2+
46. Kd3 Qd1+ 0-1

[Event "Int. Stuttgarter Stadtmeisterschaft A"]
[Site "Ditzingen"]
[Date "2012.05.18"]
[Round "3.14"]
[White "Gibicar, Danijel"]
[Black "Arounopoulos, Stephan"]
[Result "1/2-1/2"]
[WhiteElo "2100"]
[BlackElo "2119"]
[PlyCount "35"]
[EventDate "2012.??.??"]
[WhiteTeam "SK Bebenhausen 1992"]
[BlackTeam "SK e4 Gerlingen"]

1. d4 Nf6 2. c4 g6 3. Nc3 Bg7 4. e4 d6 5. f3 O-O 6. Be3 c5 7. Nge2 Nc6 8. d5
Ne5 9. Ng3 h5 10. Be2 e6 11. O-O exd5 12. cxd5 a6 13. a4 Nh7 14. h3 h4 15. Nh1
f5 16. exf5 gxf5 17. f4 Ng6 18. Qd3 1/2-1/2

[Event "Int. Stuttgarter Stadtmeisterschaft A"]
[Site "Ditzingen"]
[Date "2012.05.18"]
[Round "3.15"]
[White "Sand, Rolf"]
[Black "Kerpe, Andreas"]
[Result "1/2-1/2"]
[WhiteElo "1991"]
[BlackElo "2168"]
[PlyCount "116"]
[EventDate "2012.??.??"]
[WhiteTeam "SV Tübingen 1870 e.V."]
[BlackTeam "TSF Ditzingen"]

1. c4 f5 2. g3 Nf6 3. Bg2 g6 4. Nc3 Bg7 5. d3 d6 6. e4 Nc6 7. Nge2 e5 8. O-O
O-O 9. Nd5 Be6 10. exf5 Bxf5 11. Bg5 Qd7 12. Qd2 Rac8 13. Rad1 Bh3 14. Nxf6+
Bxf6 15. Bxf6 Rxf6 16. d4 Bxg2 17. Kxg2 Qf5 18. f4 Qe4+ 19. Kg1 exd4 20. Nxd4
Nxd4 21. Qxd4 Qxd4+ 22. Rxd4 Re8 23. Rd2 Re4 24. b3 Rf7 25. Kg2 Rfe7 26. Rff2
Kf7 27. Kf3 Re3+ 28. Kg2 Kf6 29. Rf3 R3e4 30. Rff2 b6 31. Kf3 Re3+ 32. Kg2 a5
33. Rf3 R3e4 34. a4 Re1 35. Rdd3 R7e4 36. Rd2 Kf5 37. Rd5+ Kf6 38. Rd2 Re7 39.
h3 R1e3 40. Rdf2 Re1 41. Rd2 h5 42. Rdd3 R7e4 43. Rf1 Rxf1 44. Kxf1 h4 45. Kf2
hxg3+ 46. Kxg3 Re2 47. Kf3 Rh2 48. Kg4 Rh1 49. Rd5 Rg1+ 50. Kf3 Re1 51. Kg4 Rb1
52. Rd3 Rg1+ 53. Kf3 Kf5 54. Rd5+ Ke6 55. Rd3 c6 56. Re3+ Kf5 57. Rd3 Ke6 58.
Re3+ Kf5 1/2-1/2

[Event "Int. Stuttgarter Stadtmeisterschaft A"]
[Site "Ditzingen"]
[Date "2012.05.18"]
[Round "3.16"]
[White "Kabisch, Thilo"]
[Black "Berger, Stefan"]
[Result "1-0"]
[WhiteElo "2277"]
[BlackElo "2016"]
[PlyCount "119"]
[EventDate "2012.??.??"]
[WhiteTeam "SK Schmiden/Cannstatt"]

1. e4 c6 2. d4 d5 3. exd5 cxd5 4. c4 Nf6 5. Nc3 e6 6. Bg5 Bb4 7. Qb3 Nc6 8. Nf3
dxc4 9. Bxc4 Be7 10. Rd1 Na5 11. Qa4+ Bd7 12. Bb5 Nc6 13. Ne5 Qc7 14. O-O O-O
15. Nxd7 Qxd7 16. Bxf6 Bxf6 17. d5 exd5 18. Nxd5 Qf5 19. Bxc6 bxc6 20. Qxc6
Rab8 21. Qxf6 Qxf6 22. Nxf6+ gxf6 23. b3 Rb6 24. Rfe1 Ra6 25. Re2 Rc8 26. g3
Rc5 27. Rd7 f5 28. Kg2 f4 29. gxf4 Rf5 30. Kf3 Rh5 31. Re8+ Kg7 32. Ree7 Rf6
33. Rxa7 Rxh2 34. Re5 Rc6 35. Rf5 Rc2 36. Rfxf7+ Kg6 37. Rg7+ Kf6 38. Raf7+ Ke6
39. Re7+ Kf6 40. Rgf7+ Kg6 41. f5+ Kg5 42. Rxh7 Rhxf2+ 43. Ke4 Rce2+ 44. Kd3
Rxa2 45. Rhg7+ Kf6 46. Rgf7+ Kg5 47. Re4 Rab2 48. Kc4 Rfc2+ 49. Kb4 Rf2 50. Rc4
Rf3 51. Rc3 Rf4+ 52. Kc5 Re4 53. f6 Re5+ 54. Kb4 Ra2 55. Rc5 Kf5 56. Re7 Rxc5
57. f7 Raa5 58. f8=Q+ Kg4 59. Re4+ Kg3 60. Qf4+ 1-0

[Event "Int. Stuttgarter Stadtmeisterschaft A"]
[Site "Ditzingen"]
[Date "2012.05.18"]
[Round "3.17"]
[White "Pogan, Nikolas"]
[Black "Rempeli, Alex"]
[Result "1-0"]
[WhiteElo "2223"]
[BlackElo "1981"]
[PlyCount "77"]
[EventDate "2012.??.??"]
[WhiteTeam "TSV Willsbach"]
[BlackTeam "SF Deizisau"]

1. c4 Nf6 2. Nc3 d5 3. cxd5 Nxd5 4. g3 g6 5. Bg2 Nb6 6. Nf3 Bg7 7. O-O O-O 8.
d3 Nc6 9. Be3 Nd4 10. Nxd4 Bxd4 11. Bh6 Re8 12. Qd2 c6 13. Rac1 Be6 14. h3 Qd7
15. Kh2 f5 16. e4 Rad8 17. b3 Qd6 18. Ne2 Be5 19. Rfd1 fxe4 20. dxe4 Qxd2 21.
Rxd2 Rxd2 22. Bxd2 Rd8 23. Be3 Bb2 24. Rc2 Ba3 25. Nf4 Bf7 26. Bf1 c5 27. Nd3
c4 28. bxc4 Bxc4 29. Rc3 Bb2 30. Bxb6 Bxd3 31. Bxd8 Bxf1 32. Rb3 Bd4 33. Bxe7
b6 34. Bg5 b5 35. Be3 Bxe3 36. Rxe3 Bc4 37. a3 a5 38. Rc3 Kf7 39. a4 1-0

[Event "Int. Stuttgarter Stadtmeisterschaft A"]
[Site "Ditzingen"]
[Date "2012.05.18"]
[Round "3.19"]
[White "Steinhart, Karl-Heinz"]
[Black "Willems, Sebastian"]
[Result "0-1"]
[WhiteElo "2169"]
[BlackElo "2002"]
[PlyCount "116"]
[EventDate "2012.??.??"]
[WhiteTeam "OSG Baden-Baden"]
[BlackTeam "SV Stuttgart-Wolfbusch 1956 e.V."]

1. Nf3 g6 2. g3 Bg7 3. Bg2 d6 4. d4 Nf6 5. c4 O-O 6. O-O c6 7. Nc3 Nbd7 8. e4
e5 9. d5 c5 10. Ne1 a6 11. a4 Rb8 12. Nd3 Ne8 13. Qc2 Nc7 14. f4 b5 15. axb5
axb5 16. f5 bxc4 17. Nf2 Na6 18. Qe2 Nb4 19. g4 Bf6 20. Bh6 Re8 21. Qf3 Nc2 22.
fxg6 hxg6 23. Ra7 Nd4 24. Qe3 Rxb2 25. g5 Bh8 26. Ng4 Rc2 27. Rf2 Rxf2 28. Qxf2
Qe7 29. Bh3 Bg7 30. Kg2 Bxh6 31. Nf6+ Nxf6 32. Rxe7 Bxh3+ 33. Kxh3 Rxe7 34.
gxh6 Nh5 35. Qa2 Kh7 36. Qxc4 Kxh6 37. Qa6 Rd7 38. Qc8 Ra7 39. Qf8+ Kg5 40.
Qxd6 Nf4+ 41. Kg3 f6 42. Qxc5 Ra1 43. h4+ Kh5 44. Qf8 Rg1+ 45. Kf2 Rg2+ 46. Kf1
Rc2 47. Qxf6 Kg4 48. d6 Rxc3 49. d7 Rf3+ 50. Ke1 Ng2+ 51. Kd2 Rxf6 52. d8=Q
Rf2+ 53. Kd3 Nxh4 54. Qh8 Nhf3 55. Qc8+ Kg3 56. Qh8 Rd2+ 57. Kc3 g5 58. Qg8 g4
0-1

[Event "Int. Stuttgarter Stadtmeisterschaft A"]
[Site "Ditzingen"]
[Date "2012.05.18"]
[Round "3.20"]
[White "Montigel, Philipp"]
[Black "Fingerhut, Armin"]
[Result "1/2-1/2"]
[WhiteElo "2161"]
[BlackElo "1986"]
[PlyCount "62"]
[EventDate "2012.??.??"]
[WhiteTeam "SV Stuttgart-Wolfbusch 1956 e.V."]
[BlackTeam "Vorw.Orient Mainz"]

1. f4 d5 2. Nf3 Nf6 3. g3 e6 4. Bg2 Be7 5. O-O O-O 6. d3 b5 7. e4 dxe4 8. Ng5
Bb7 9. Nc3 Nc6 10. Ngxe4 Nxe4 11. Nxe4 Qd4+ 12. Kh1 Rad8 13. Nd2 Na5 14. Nf3
Qb6 15. Qe1 c5 16. Be3 Nc6 17. a4 a6 18. axb5 axb5 19. b4 Nd4 20. Qf2 Bxf3 21.
Bxf3 cxb4 22. Rfb1 Qd6 23. Bxd4 Qxd4 24. Qxd4 Rxd4 25. Ra7 Bd6 26. Rd7 Rc8 27.
Bb7 Rb8 28. Kg2 g6 29. Kf3 Bc5 30. Rc7 Bd6 31. Rd7 Bc5 1/2-1/2

[Event "Int. Stuttgarter Stadtmeisterschaft A"]
[Site "Ditzingen"]
[Date "2012.05.18"]
[Round "4.1"]
[White "Neyman, Igor"]
[Black "Ikonnikov, Vyacheslav"]
[Result "0-1"]
[WhiteElo "2314"]
[BlackElo "2539"]
[PlyCount "60"]
[EventDate "2012.??.??"]
[WhiteTeam "Stuttgarter SF 1879"]
[BlackTeam "SF Bad Mergentheim"]

1. d4 Nf6 2. c4 e6 3. Nc3 Bb4 4. e3 b6 5. Nge2 c5 6. a3 Ba5 7. Rb1 Na6 8. g3
Bb7 9. d5 b5 10. Bg2 bxc4 11. e4 exd5 12. exd5 O-O 13. O-O d6 14. Qa4 h6 15.
Rd1 Re8 16. Qxc4 Nc7 17. Be3 Ba6 18. Qh4 Bb6 19. Rd2 Re5 20. Rbd1 Qe7 21. Nc1
Re8 22. Bf1 Bxf1 23. Kxf1 Qd7 24. Re2 Rh5 25. Qc4 Qh3+ 26. Ke1 Qxh2 27. Bf4
Rxe2+ 28. N1xe2 Ng4 29. Ne4 Ne5 30. Bxe5 Rxe5 0-1

[Event "Int. Stuttgarter Stadtmeisterschaft A"]
[Site "Ditzingen"]
[Date "2012.05.18"]
[Round "4.2"]
[White "Latzke, Boris Alexander"]
[Black "Karpatchev, Aleksandr"]
[Result "0-1"]
[WhiteElo "2253"]
[BlackElo "2414"]
[PlyCount "100"]
[EventDate "2012.??.??"]
[WhiteTeam "SK Bebenhausen 1992"]
[BlackTeam "SF Bad Mergentheim"]

1. d4 d5 2. c4 Nc6 3. Nc3 dxc4 4. Nf3 Nf6 5. e4 Bg4 6. Be3 e6 7. Bxc4 Bb4 8.
Qc2 O-O 9. Rd1 Bxf3 10. gxf3 Nh5 11. e5 Ne7 12. Qe4 Nd5 13. Bd2 c6 14. O-O Bxc3
15. bxc3 f5 16. exf6 Qxf6 17. Kh1 Nhf4 18. Rde1 Rae8 19. Bb3 b5 20. c4 bxc4 21.
Bxc4 Qh4 22. Rg1 Qxf2 23. Ba5 Rf6 24. Ref1 Qe3 25. Re1 Qa3 26. Bd2 Nh3 27. Rgf1
Nhf4 28. Bb3 Ref8 29. Bxf4 Nxf4 30. Qxc6 Qb2 31. Qc2 Qxd4 32. Re4 Qb6 33. Bc4
Kh8 34. Qb3 Qa5 35. Qe3 Qg5 36. Rg1 Qh5 37. Re5 Qf7 38. Ra5 Rg6 39. Rxa7 Rxg1+
40. Qxg1 Qf6 41. Ra3 Qb2 42. Rb3 Qc2 43. Rb7 Ng6 44. Qd4 Qc1+ 45. Kg2 Nf4+ 46.
Kg3 Qe1+ 47. Qf2 Qe5 48. Qb2 Qg5+ 49. Kf2 Qc5+ 50. Ke1 Qe3+ 0-1

[Event "Int. Stuttgarter Stadtmeisterschaft A"]
[Site "Ditzingen"]
[Date "2012.05.18"]
[Round "4.4"]
[White "Gutman, Lev"]
[Black "Bodrozic, Tomislav"]
[Result "1-0"]
[WhiteElo "2444"]
[BlackElo "2195"]
[PlyCount "63"]
[EventDate "2012.??.??"]
[WhiteTeam "SV Lingen"]
[BlackTeam "SF Birkenfeld"]

1. Nf3 Nf6 2. g3 g6 3. Bg2 Bg7 4. O-O O-O 5. d4 d6 6. a4 a5 7. Nbd2 Nbd7 8. Nc4
c6 9. c3 Qc7 10. Qb3 b5 11. axb5 cxb5 12. Na3 Ba6 13. Nxb5 Qb6 14. c4 d5 15.
Qa4 dxc4 16. Nc3 Bb7 17. Qxc4 Rfc8 18. Qa2 e6 19. Bd2 Nd5 20. Qa4 N7f6 21. Qb5
Qxb5 22. Nxb5 Ba6 23. Rxa5 Rab8 24. Rxa6 Rxb5 25. Bc1 Nb4 26. Ra4 Nfd5 27. Ne5
Nc2 28. Nc6 Nb6 29. Ra7 Kf8 30. Bf4 e5 31. dxe5 Nd5 32. Bxd5 1-0

[Event "Int. Stuttgarter Stadtmeisterschaft A"]
[Site "Ditzingen"]
[Date "2012.05.18"]
[Round "4.5"]
[White "Bluma, Marcel"]
[Black "Epishin, Vladimir"]
[Result "1/2-1/2"]
[WhiteElo "2085"]
[BlackElo "2572"]
[PlyCount "46"]
[EventDate "2012.??.??"]
[WhiteTeam "SC Ingersheim e.V."]
[BlackTeam "Lübecker SV von 1873"]

1. e4 c6 2. d4 d5 3. exd5 cxd5 4. Nf3 Nc6 5. Bd3 Bg4 6. c3 Qc7 7. O-O e6 8. Be3
Bd6 9. h3 Bh5 10. Nbd2 Nge7 11. Qc2 h6 12. Rae1 O-O 13. Nh4 f5 14. f4 Kh8 15.
Ndf3 Rac8 16. Qd2 Rg8 17. Ne5 Bxe5 18. fxe5 g5 19. Nf3 Rg7 20. Nxg5 hxg5 21.
Bxg5 Kg8 22. Bf6 Rh7 23. Qg5+ Bg6 1/2-1/2

[Event "Int. Stuttgarter Stadtmeisterschaft A"]
[Site "Ditzingen"]
[Date "2012.05.18"]
[Round "4.6"]
[White "Gheng, Josef"]
[Black "Nabavi, Parwis"]
[Result "1/2-1/2"]
[WhiteElo "2334"]
[BlackElo "2212"]
[PlyCount "98"]
[EventDate "2012.??.??"]
[WhiteTeam "SC Erdmannhausen"]
[BlackTeam "SGEM Dreisamtal"]

1. e4 e5 2. Nf3 Nc6 3. Bb5 a6 4. Ba4 Nf6 5. O-O Be7 6. Re1 b5 7. Bb3 d6 8. c3
O-O 9. h3 Na5 10. Bc2 c5 11. d3 Bd7 12. Nbd2 Nc6 13. Nf1 Re8 14. Ng3 g6 15. a3
Bf8 16. Bb3 h6 17. Nh2 Be6 18. Bxe6 Rxe6 19. f4 exf4 20. Bxf4 Bg7 21. Nf3 Ne5
22. d4 Nxf3+ 23. Qxf3 Qd7 24. e5 Rae8 25. Red1 Nh7 26. dxc5 Qa7 27. exd6 Qxc5+
28. Kh1 g5 29. d7 Rd8 30. Rd5 Qc6 31. Be3 Rxd7 32. Rxd7 Qxd7 33. Nf5 Nf8 34.
Rd1 Qe8 35. Bf2 Ng6 36. Bg3 Bf8 37. Rf1 Qc6 38. Qxc6 Rxc6 39. Nd4 Rb6 40. Rf5
Bd6 41. Bxd6 Rxd6 42. Rc5 Nf4 43. Rc6 Rxc6 44. Nxc6 Nd5 45. g4 Kg7 46. Nb8 Nc7
47. Nd7 Kg6 48. c4 f5 49. cxb5 axb5 1/2-1/2

[Event "Int. Stuttgarter Stadtmeisterschaft A"]
[Site "Ditzingen"]
[Date "2012.05.18"]
[Round "4.7"]
[White "Wenninger, Philipp"]
[Black "Kabisch, Thilo"]
[Result "1-0"]
[WhiteElo "2205"]
[BlackElo "2277"]
[PlyCount "119"]
[EventDate "2012.??.??"]
[WhiteTeam "SK Bebenhausen 1992"]
[BlackTeam "SK Schmiden/Cannstatt"]

1. d4 Nf6 2. Bg5 d6 3. Nd2 Nbd7 4. c3 h6 5. Bh4 e5 6. e4 Be7 7. Bd3 b6 8. Ngf3
Bb7 9. O-O O-O 10. Re1 Re8 11. Qc2 Nh5 12. Bg3 Bf6 13. Nc4 Qe7 14. Rad1 Nxg3
15. hxg3 g6 16. a4 Bg7 17. Re2 Rac8 18. Qb1 exd4 19. cxd4 c5 20. e5 Bxf3 21.
gxf3 dxe5 22. dxe5 Rc6 23. Nd6 Rd8 24. f4 Bxe5 25. Nc4 Re6 26. fxe5 Nxe5 27.
Nxe5 Rxe5 28. Rde1 Rxe2 29. Rxe2 Qf6 30. Bc4 h5 31. Qe4 Rd4 32. Qe8+ Kg7 33. b3
Qf3 34. Re7 Rd1+ 35. Re1 h4 36. Rxd1 Qxd1+ 37. Kg2 h3+ 38. Kxh3 Qh1+ 39. Kg4
Qd1+ 40. Qe2 f5+ 41. Kf4 Qd4+ 42. Kf3 Qd7 43. Qe5+ Kh7 44. Qd5 Qc8 45. Qf7+ Kh6
46. Bd5 Qb8 47. Kg2 a6 48. Qg8 Qe5 49. Qf8+ Kh5 50. Qf7 Kh6 51. Qe6 Qc7 52.
Qe3+ Kh7 53. Qe8 Kg7 54. Qg8+ Kf6 55. Qh8+ Ke7 56. Qg7+ Kd6 57. Qxc7+ Kxc7 58.
Bc4 Kb7 59. Kf3 g5 60. g4 1-0

[Event "Int. Stuttgarter Stadtmeisterschaft A"]
[Site "Ditzingen"]
[Date "2012.05.18"]
[Round "4.8"]
[White "Graf, Felix"]
[Black "Brem, Stephan"]
[Result "1-0"]
[WhiteElo "2395"]
[BlackElo "2115"]
[PlyCount "27"]
[EventDate "2012.??.??"]
[WhiteTeam "FC Bayern München e.V."]
[BlackTeam "SU Ebersberg-Grafing"]

1. d4 f5 2. g3 Nf6 3. Bg2 e6 4. c4 Bb4+ 5. Nd2 Nc6 6. Ngf3 Ne4 7. d5 Ne7 8. O-O
exd5 9. cxd5 Nf6 10. Nd4 c6 11. Qc2 g6 12. a3 Bxd2 13. dxc6 Bxc1 14. c7 1-0

[Event "Int. Stuttgarter Stadtmeisterschaft A"]
[Site "Ditzingen"]
[Date "2012.05.18"]
[Round "4.9"]
[White "Ackermann, Hans Werner"]
[Black "Gibicar, Danijel"]
[Result "1-0"]
[WhiteElo "2290"]
[BlackElo "2100"]
[PlyCount "85"]
[EventDate "2012.??.??"]
[WhiteTeam "SC Hansa Dortmund e.V."]
[BlackTeam "SK Bebenhausen 1992"]

1. e4 e6 2. Nc3 d5 3. Nf3 d4 4. Ne2 c5 5. c3 Nf6 6. cxd4 cxd4 7. Qa4+ Bd7 8.
Qc2 Nc6 9. a3 Rc8 10. Qb1 e5 11. Ng3 a5 12. Bc4 Qc7 13. d3 Nd8 14. O-O Ne6 15.
Bd2 Bd6 16. Rc1 Qd8 17. Nf5 Bc7 18. Bxe6 fxe6 19. Ng3 O-O 20. b4 b6 21. bxa5
bxa5 22. Qb7 Bd6 23. Rxc8 Qxc8 24. Qa7 a4 25. h3 Qb8 26. Qxb8 Rxb8 27. Bb4 Bc7
28. Rc1 Ne8 29. Kf1 Rc8 30. Rc5 Bb8 31. Ra5 Rc1+ 32. Ke2 Bc7 33. Ra7 Bb5 34.
Ne1 h6 35. Kd2 Rc6 36. Ne2 Kh7 37. f4 Bb6 38. Re7 Nc7 39. fxe5 Na6 40. Bd6 Ba5+
41. Kd1 Bb6 42. Rb7 h5 43. Nf4 1-0

[Event "Int. Stuttgarter Stadtmeisterschaft A"]
[Site "Ditzingen"]
[Date "2012.05.18"]
[Round "4.10"]
[White "Keller, Harald"]
[Black "Pogan, Nikolas"]
[Result "1/2-1/2"]
[WhiteElo "2071"]
[BlackElo "2223"]
[PlyCount "84"]
[EventDate "2012.??.??"]
[WhiteTeam "SV Rottweil"]
[BlackTeam "TSV Willsbach"]

1. e4 d6 2. d4 Nf6 3. Nc3 e5 4. dxe5 dxe5 5. Qxd8+ Kxd8 6. Bg5 c6 7. Bc4 Ke8 8.
f3 Nbd7 9. Nge2 Be7 10. O-O-O a5 11. a4 Nb6 12. Bb3 Nfd7 13. Bxe7 Kxe7 14. Kb1
Nc5 15. Nc1 Bd7 16. Nd3 Nxb3 17. cxb3 Be6 18. Nc5 Nd7 19. Nxd7 Bxd7 20. Kc2 Be6
21. Rd3 Rad8 22. Rhd1 Rxd3 23. Rxd3 f5 24. Nd1 fxe4 25. fxe4 Rf8 26. Rd2 Rf4
27. Nf2 b6 28. Kc3 Bc8 29. b4 axb4+ 30. Kxb4 Ba6 31. Kc3 Bf1 32. b4 Rh4 33. a5
bxa5 34. bxa5 Rxh2 35. g4 c5 36. Nd3 Rxd2 37. Kxd2 Kd6 38. a6 Kc7 39. Nxc5 Kb6
40. Nd7+ Kxa6 41. Nxe5 Kb6 42. Ke3 Kc5 1/2-1/2

[Event "Int. Stuttgarter Stadtmeisterschaft A"]
[Site "Ditzingen"]
[Date "2012.05.18"]
[Round "4.11"]
[White "Vaysberg, Alexander"]
[Black "Imhof, Thomas"]
[Result "1-0"]
[WhiteElo "2198"]
[BlackElo "2084"]
[PlyCount "63"]
[EventDate "2012.??.??"]
[WhiteTeam "SC Gross-Sachsenheim"]
[BlackTeam "SGem Vaihingen-Rohr"]

1. e4 c5 2. Nc3 Nc6 3. Bb5 Nd4 4. f4 g6 5. Nf3 Bg7 6. d3 Nxb5 7. Nxb5 a6 8. Nc3
e6 9. O-O b6 10. f5 Ne7 11. Qe1 O-O 12. fxg6 fxg6 13. Bg5 h6 14. Qh4 Bd4+ 15.
Kh1 Rf7 16. Bxh6 Bf6 17. Ng5 Qc7 18. Bg7 Rxg7 19. Rxf6 Bb7 20. Raf1 Qe5 21. Nf7
Qxf6 22. Qxf6 Nc6 23. Nd6 Rb8 24. Rf3 Ba8 25. Rh3 Rf8 26. Rh8+ Kxh8 27. Qxf8+
Kh7 28. Ne8 Kh6 29. Qxg7+ Kg5 30. g3 e5 31. Qf6+ Kg4 32. Kg2 1-0

[Event "Int. Stuttgarter Stadtmeisterschaft A"]
[Site "Ditzingen"]
[Date "2012.05.18"]
[Round "4.12"]
[White "Aring, Gerd"]
[Black "Tsolakidis, Paschalis"]
[Result "1/2-1/2"]
[WhiteElo "2195"]
[BlackElo "2107"]
[PlyCount "105"]
[EventDate "2012.??.??"]
[WhiteTeam "SV Nürtingen 1920"]
[BlackTeam "DJK Stuttgart-Süd"]

1. d4 g6 2. c4 Bg7 3. Nf3 b6 4. Nc3 Bb7 5. e4 d6 6. Bg5 Nd7 7. Be2 h6 8. Bh4
Ngf6 9. Qc2 O-O 10. O-O Nh5 11. Rfe1 Nf4 12. Bf1 g5 13. Bg3 Nh5 14. Rad1 Nxg3
15. fxg3 c5 16. d5 Ne5 17. Nxe5 Bxe5 18. Bd3 Bc8 19. Rf1 Bd7 20. Kh1 a6 21. a4
Rb8 22. Rde1 Qe8 23. b3 f6 24. Nd1 b5 25. axb5 axb5 26. Ne3 b4 27. Be2 Bc3 28.
Rb1 Qc8 29. e5 f5 30. e6 Be8 31. Nxf5 Bf6 32. Nxh6+ Kg7 33. Nf7 Bxf7 34. exf7
Rh8 35. Qf5 Qxf5 36. Rxf5 Kxf7 37. h3 Kg7 38. Bd3 Ra8 39. Rf2 Ra3 40. Re2 Rha8
41. Bf5 Ra2 42. Rxa2 Rxa2 43. Bd7 Re2 44. Rf1 Rb2 45. Rf3 Bc3 46. Ba4 Re2 47.
Kh2 Be5 48. Be8 Rb2 49. Ba4 Rb1 50. Rd3 Bd4 51. h4 g4 52. Bd7 Bg1+ 53. Kh1
1/2-1/2

[Event "Int. Stuttgarter Stadtmeisterschaft A"]
[Site "Ditzingen"]
[Date "2012.05.18"]
[Round "4.13"]
[White "Röttig, Hans-Peter"]
[Black "Braun, Georg"]
[Result "0-1"]
[WhiteElo "2058"]
[BlackElo "2187"]
[PlyCount "66"]
[EventDate "2012.??.??"]
[WhiteTeam "SC 1934 Viernheim"]
[BlackTeam "SK Bebenhausen 1992"]

1. e4 c5 2. d4 cxd4 3. c3 Nf6 4. e5 Nd5 5. Bc4 Qc7 6. Qe2 Nb6 7. Bd3 Nc6 8. Nf3
d5 9. exd6 Qxd6 10. Nxd4 Nxd4 11. cxd4 e6 12. Nc3 Bd7 13. O-O Bc6 14. Qg4 h5
15. Qg5 Qxd4 16. Nb5 Qxd3 17. Nc7+ Kd7 18. Nxa8 Nd5 19. Be3 Be7 20. Qxg7 Rxa8
21. Qxf7 Qf5 22. Qxf5 exf5 23. Rfd1 Ke6 24. Bd4 Kf7 25. f3 a6 26. a3 Rg8 27.
Kf2 Nf4 28. g3 Ne6 29. Bb6 Bf6 30. Rab1 Ng5 31. Rd3 Nh3+ 32. Ke3 Re8+ 33. Kd2
Ng5 0-1